[Event "Muensterland Regionalliga 1920"]
[Site "Germany"]
[Date "2019.11.09"]
[Round "3.4"]
[White "Fasselt, Hendrik"]
[Black "Storck, Martin"]
[Result "1/2-1/2"]
[WhiteElo "1836"]
[BlackElo "1958"]
[PlyCount "65"]
[EventDate "2019.09.07"]
[EventType "team-tourn"]
[EventRounds "7"]
[EventCountry "GER"]
[SourceTitle "EXT 2023"]
[Source "ChessBase"]
[SourceDate "2022.10.05"]
[SourceVersion "1"]
[SourceVersionDate "2022.10.05"]
[SourceQuality "1"]
[WhiteTeam "Raesfeld Erle II"]
[BlackTeam "Gronau"]
[WhiteTeamCountry "GER"]
[BlackTeamCountry "GER"]

1. b3 d5 2. Bb2 c5 3. e3 Nc6 4. Nf3 a6 5. Be2 Nf6 6. 0-0 e6 7. d4 Be7 8. Nbd2 0-0 9. c4 cxd4 10. Nxd4 Nxd4 11. Bxd4 Bd7 12. Nf3 Rc8 13. Bd3 dxc4 14. Bxc4 Bc6 15. Ne5 Qa5 16. Qe2 Bd5 17. Rac1 Ba3 18. Rc2 Be4 19. Bd3 Bxd3 20. Qxd3 Qd5 21. f3 Rfd8 22. Qe2 b5 23. Rd1 Qb7 24. Rdd2 Nd5 25. Rxc8 Rxc8 26. Rc2 f6 27. Nd3 e5 28. Rxc8+ Qxc8 29. e4 Nc3 30. Bxc3 Qxc3 31. Kf2 Be7 32. Kg3 g6 33. Kf2 1/2-1/2

[Event "Muensterland Verbandsklasse 1415"]
[Site "Germany"]
[Date "2014.09.13"]
[Round "1.4"]
[White "Fasselt, Hendrik"]
[Black "Fehlings, Gerd"]
[Result "1-0"]
[WhiteElo "1778"]
[BlackElo "1714"]
[PlyCount "49"]
[EventDate "2014.09.13"]
[EventType "team-tourn"]
[EventRounds "9"]
[EventCountry "GER"]
[SourceTitle "EXT 2016"]
[Source "ChessBase"]
[SourceDate "2015.10.08"]
[SourceVersion "1"]
[SourceVersionDate "2015.10.08"]
[SourceQuality "1"]
[WhiteTeam "Raesfeld Erle II"]
[BlackTeam "Emsdetten Rochade II"]
[WhiteTeamCountry "GER"]
[BlackTeamCountry "GER"]

1. b3 d5 2. Bb2 e6 3. e3 f5 4. Nf3 Nf6 5. Be2 Bd6 6. d3 Qe7 7. Nbd2 0-0 8. 0-0 Nbd7 9. c4 c6 10. Qc2 e5 11. Rfe1 e4 12. Nd4 Ne5 13. Rac1 exd3 14. Bxd3 Nxd3 15. Qxd3 Be6 16. cxd5 cxd5 17. Nxf5 Bxf5 18. Qxf5 Bxh2+ 19. Kxh2 Qd6+ 20. Kg1 Rae8 21. Qg5 h6 22. Qg3 Qb4 23. Rc7 Re7 24. Bc3 Qa3 25. Nb1 1-0

[Event "Muensterland Verbandsklasse-A 0910"]
[Site "Germany"]
[Date "2009.10.24"]
[Round "2.7"]
[White "Gerighausen, Karl Heinz"]
[Black "Fasselt, Hendrik"]
[Result "0-1"]
[WhiteElo "1718"]
[BlackElo "1795"]
[PlyCount "94"]
[EventDate "2009.09.19"]
[EventType "team-tourn"]
[EventRounds "9"]
[EventCountry "GER"]
[SourceTitle "EXT 2011"]
[Source "ChessBase"]
[SourceDate "2010.11.26"]
[SourceVersion "1"]
[SourceVersionDate "2010.11.26"]
[SourceQuality "1"]
[WhiteTeam "Ibbenbueren"]
[BlackTeam "Raesfeld Erle"]
[WhiteTeamCountry "GER"]
[BlackTeamCountry "GER"]

1. e4 e5 2. d4 exd4 3. Qxd4 Nc6 4. Qe3 b6 5. Nc3 Bb7 6. Bd2 Bc5 7. Qg3 Bd4 8. 0-0-0 d6 9. f4 g6 10. Nf3 Bg7 11. Bd3 Qd7 12. e5 0-0-0 13. exd6 Qxd6 14. Ne4 Qe6 15. Kb1 Nf6 16. Neg5 Qe7 17. Rhe1 Qf8 18. Bc4 Nd5 19. Re2 h6 20. Ne4 f5 21. Bxd5 Rxd5 22. Nc3 Bxc3 23. bxc3 Qd6 24. Rde1 Rd8 25. Bc1 Rb5+ 26. Ka1 Na5 27. Rd2 Rd5 28. Re5 Qc5 29. Nd4 Qc4 30. Qe3 Nc6 31. Nxc6 Bxc6 32. Qe2 Qxc3+ 33. Kb1 Rxd2 34. Bxd2 Qxd2 35. Qxd2 Rxd2 36. Re6 Rd6 37. Re2 Kd7 38. c3 Be4+ 39. Kc1 Rd3 40. Kb2 Ke6 41. g4 Kd5 42. h4 Kc4 43. h5 gxh5 44. g5 hxg5 45. fxg5 Rg3 46. a4 Rxg5 47. a5 Rg2 0-1